Scalpel, please /

Hlavní autor: Stýblová, Valja, 1922-2020
Další autoři: Valoušková, Soňa, 1940-, Newton, John, překladatel, Valoušek, Jaromír, 1928-
Jazyk: Angličtina
Vydáno: Prague : Orbis, 1985
Fyzický popis: 319 s. : il. ; 19 cm
Knihy
Uloženo v:
LEADER 01080nam a22003132a 4500
001 000867649
003 CZ BrMZK
005 20090226111445.0
007 ta
008 070925s1985 xr a er|||||||||||eng d
015 |a cnb000011589 
020 |q (Brož.) 
035 |a (OCoLC)19364923 
040 |a ABA001  |b cze  |d ABA001 
041 1 |a eng  |h cze 
080 9 |a 885.0-31 
100 1 |a Stýblová, Valja,  |d 1922-2020  |7 jk01121647  |4 aut 
245 1 0 |a Scalpel, please /  |c Valja Stýblová ; translated [z češ. do angl.] by John Newton ; cover, illustrations and lay-out by Soňa Valoušková, Jaromír Valoušek 
260 |a Prague :  |b Orbis,  |c 1985 
300 |a 319 s. :  |b il. ;  |c 19 cm 
500 |a Pozn. 
700 1 |a Valoušková, Soňa,  |d 1940-  |7 jk01141337  |4 ill 
700 1 |a Newton, John,  |c překladatel  |4 trl 
700 1 |a Valoušek, Jaromír,  |d 1928-  |7 jx20050629060  |4 ill 
765 0 |t Skalpel, prosím  |9 Anglicky 
910 |a BOA001  |b 1-0899.144 
990 |a BK 
991 |b 200709 
996 6 |b 2619260577  |c 1-0899.144  |l MZK  |r Sklad / do 1 hodiny  |n 1  |w 000867649  |u 000010  |a 1  |e BOA001  |j MZK50  |s P